[Event "Champagne Ardenne op 5th"]
[Site "Champagne Ardenne"]
[Date "2009.05.02"]
[Round "3"]
[White "Louot, Catherine"]
[Black "Labroche, Jerome"]
[Result "0-1"]
[WhiteElo "1530"]
[BlackElo "1782"]
[PlyCount "102"]
[EventDate "2009.05.01"]
[EventType "swiss"]
[EventRounds "7"]
[EventCountry "FRA"]
[SourceTitle "EXT 2010"]
[Source "ChessBase"]
[SourceDate "2010.11.25"]
[SourceVersion "1"]
[SourceVersionDate "2010.11.25"]
[SourceQuality "1"]

1. d4 d5 2. Nf3 Nf6 3. Bf4 e6 4. e3 Nbd7 5. Bd3 Ne4 6. Bxe4 dxe4 7. Ne5 Nxe5 8. Bxe5 Qg5 9. 0-0 c6 10. Nc3 f5 11. f4 Qh6 12. a3 Bd7 13. Qe2 Be7 14. g3 Rg8 15. Rad1 0-0-0 16. Qc4 Be8 17. Qa4 a6 18. Qa5 Bd6 19. Qb6 g5 20. Na4 Rg7 21. Bxg7 Qxg7 22. Nc5 Qe7 23. fxg5 Bh5 24. Rb1 Rg8 25. Qb3 Bxc5 26. dxc5 Rxg5 27. Qc3 Rg8 28. b4 Bf3 29. b5 axb5 30. Rf2 h5 31. Qa5 Kb8 32. Rd2 h4 33. Kf2 f4 34. gxf4 Rg2+ 35. Kf1 Rxd2 36. Qxd2 Qxc5 37. Qd8+ Ka7 38. Qd4 b6 39. Qxc5 bxc5 40. h3 Ka6 41. Kf2 Ka5 42. Rg1 Ka4 43. Rg6 b4 44. axb4 cxb4 45. Rxe6 c5 46. Rc6 Kb5 47. Rc8 Bd1 48. Rb8+ Kc6 49. f5 Bxc2 50. f6 Bb3 51. Re8 Bd5 0-1

[Event "FRA-chT4 0809"]
[Site "France "]
[Date "2009.01.18"]
[Round "4"]
[White "Picard, Serge"]
[Black "Labroche, Jerome"]
[Result "1-0"]
[WhiteElo "2097"]
[BlackElo "1785"]
[PlyCount "53"]
[EventDate "2008.10.??"]
[EventType "team-tourn"]
[EventRounds "9"]
[EventCountry "FRA"]
[SourceTitle "EXT 2010"]
[Source "ChessBase"]
[SourceDate "2010.11.25"]
[SourceVersion "1"]
[SourceVersionDate "2010.11.25"]
[SourceQuality "1"]

1. e4 e5 2. Nf3 Nf6 3. Nxe5 Nxe4 4. Qe2 Qe7 5. Qxe4 d6 6. d4 dxe5 7. dxe5 Nc6 8. Bb5 Bd7 9. 0-0 0-0-0 10. Nc3 Nxe5 11. Qa4 Qb4 12. Bxd7+ Nxd7 13. Qxa7 Nb6 14. a3 Qc4 15. Be3 Bc5 16. Bxc5 Qxc5 17. Na4 Qc6 18. Nxb6+ cxb6 19. a4 Rhe8 20. a5 Rd2 21. axb6 Ree2 22. Qa5 Rxc2 23. Qf5+ Qe6 24. Ra8+ Kd7 25. Qb5+ Qc6 26. Rd1+ Rcd2 27. Qxe2 1-0

[Event "Champagne-chT"]
[Site "Ardennes"]
[Date "2005.05.05"]
[Round "3"]
[White "Labroche, Jerome"]
[Black "Piermee, Emilien"]
[Result "0-1"]
[WhiteElo "1880"]
[BlackElo "2121"]
[PlyCount "40"]
[EventDate "2005.05.05"]
[EventType "team"]
[EventRounds "8"]
[EventCountry "FRA"]
[SourceTitle "EXT 2007"]
[Source "ChessBase"]
[SourceDate "2006.11.23"]
[SourceVersion "1"]
[SourceVersionDate "2006.11.23"]
[SourceQuality "1"]

1. e4 e6 2. d4 d5 3. Nc3 Bb4 4. a3 Bxc3+ 5. bxc3 Nf6 6. e5 Ne4 7. Qg4 Kf8 8. h4 c5 9. Nf3 Qa5 10. Rh3 Qxc3+ 11. Nd2 Qxa1 12. Nb3 Qb1 13. Qf4 Bd7 14. Rf3 Be8 15. Bb5 Nc6 16. Bxc6 bxc6 17. dxc5 Rb8 18. g4 Rxb3 19. cxb3 Nxc5 20. a4 Qe4+ 0-1

[Event "FRA-chT4 0304"]
[Site "Champagne Ardenne"]
[Date "2004.02.01"]
[Round "5"]
[White "Fageot, Julien"]
[Black "Labroche, Jerome"]
[Result "1-0"]
[WhiteElo "1968"]
[BlackElo "1820"]
[PlyCount "59"]
[EventDate "2003.10.??"]
[EventRounds "6"]
[EventCountry "FRA"]
[SourceTitle "EXT 2005"]
[Source "ChessBase"]
[SourceDate "2004.11.15"]
[SourceVersion "1"]
[SourceVersionDate "2004.11.15"]
[SourceQuality "1"]

1. d4 d5 2. c4 c6 3. Nc3 Nf6 4. Bf4 e6 5. e3 Be7 6. Nf3 Nbd7 7. Bd3 0-0 8. h3 dxc4 9. Bxc4 b5 10. Bd3 b4 11. Ne4 Nd5 12. Bg3 f5 13. Ned2 f4 14. exf4 Rxf4 15. Qe2 N7f6 16. 0-0 Bd6 17. Nc4 Nh5 18. Nxd6 Qxd6 19. Ng5 Nxg3 20. Bxh7+ Kf8 21. fxg3 Rf6 22. Ne4 Qd8 23. Nxf6 Nxf6 24. Qe5 Qe7 25. g4 Ke8 26. Bg6+ Kd8 27. g5 Nd7 28. Qa5+ Nb6 29. Rf7 Qd6 30. Qc5 1-0

[Event "AJEC-ch fin email"]
[Site "France"]
[Date "2001.??.??"]
[Round "?"]
[White "Labroche, Jerome"]
[Black "Bibens, Jean Paul"]
[Result "1/2-1/2"]
[WhiteElo "1864"]
[BlackElo "2131"]
[PlyCount "122"]
[EventDate "2001.??.??"]
[EventType "tourn (corr)"]
[EventRounds "15"]
[EventCountry "FRA"]
[SourceTitle "Corr 2004"]
[Source "ChessBase"]
[SourceDate "2003.04.28"]
[SourceVersion "3"]
[SourceVersionDate "2003.04.28"]
[SourceQuality "1"]

1. e4 d5 2. exd5 Nf6 3. Nc3 Nxd5 4. Bc4 Nb6 5. Bb3 Nc6 6. Nf3 Bf5 7. a4 Na5 8. Ba2 e6 9. 0-0 Be7 10. d3 0-0 11. Bf4 Nc6 12. Bb3 Bg4 13. h3 Bh5 14. a5 Nd7 15. g4 Bg6 16. d4 Nb4 17. Qe2 c6 18. Rfe1 Nf6 19. Be3 Nbd5 20. Nxd5 Nxd5 21. a6 b6 22. Ne5 Rc8 23. Bd2 Bg5 24. Nxg6 hxg6 25. c3 Bxd2 26. Qxd2 c5 27. dxc5 Rxc5 28. Re5 Qf6 29. Rae1 Nf4 30. Rxc5 bxc5 31. Re3 Rd8 32. Qc2 Qh4 33. Kh2 Qe7 34. Bc4 Qd6 35. Kg1 g5 36. Bf1 Qd1 37. Qe4 Qc1 38. Qb7 Rd1 39. Qb5 Kh7 40. b4 Nd5 41. Rf3 Nxc3 42. Qc4 cxb4 43. Kg2 Nd5 44. Qxc1 Rxc1 45. Rxf7 Rc7 46. Rxc7 Nxc7 47. Bd3+ Kg8 48. Kf3 Nd5 49. Ke4 Nf4 50. Bc2 Nxh3 51. f3 Kf7 52. Kd4 Ng1 53. Bd1 b3 54. Kc3 b2 55. Kxb2 Kf6 56. Kc3 Ke5 57. Kc4 Kd6 58. Kd4 Nh3 59. Kc4 Nf4 60. Bb3 Nd5 61. Kd4 Nf6 1/2-1/2

[Event "AJEC-ch fin email"]
[Site "France"]
[Date "2001.??.??"]
[Round "?"]
[White "Labroche, Jerome"]
[Black "Cavril, Stephane"]
[Result "0-1"]
[WhiteElo "1864"]
[BlackElo "2301"]
[PlyCount "58"]
[EventDate "2001.??.??"]
[EventType "tourn (corr)"]
[EventRounds "15"]
[EventCountry "FRA"]
[SourceTitle "Corr 2004"]
[Source "ChessBase"]
[SourceDate "2003.04.28"]
[SourceVersion "3"]
[SourceVersionDate "2003.04.28"]
[SourceQuality "1"]

1. e4 c5 2. Nc3 Nc6 3. f4 e6 4. Bc4 Nge7 5. d3 d5 6. Bb3 Nd4 7. Ba4+ Bd7 8. Bxd7+ Qxd7 9. Nf3 g6 10. 0-0 Nxf3+ 11. gxf3 Bg7 12. a4 0-0-0 13. a5 Nc6 14. Ne2 a6 15. Be3 Bxb2 16. Ra2 Bd4 17. Nxd4 cxd4 18. Bd2 h6 19. c3 g5 20. Qc2 gxf4 21. Bxf4 dxe4 22. fxe4 dxc3 23. Qxc3 Qxd3 24. Qxd3 Rxd3 25. Rc2 Rd4 26. Be5 Rg8+ 27. Bg3 Rg7 28. Rf6 Rxe4 29. Rxh6 Ra4 0-1

[Event "AJEC-ch fin email"]
[Site "France"]
[Date "2001.??.??"]
[Round "?"]
[White "Labroche, Jerome"]
[Black "Le Duigou, Jean Guy"]
[Result "0-1"]
[WhiteElo "1864"]
[BlackElo "2250"]
[PlyCount "54"]
[EventDate "2001.??.??"]
[EventType "tourn (corr)"]
[EventRounds "15"]
[EventCountry "FRA"]
[SourceTitle "Corr 2004"]
[Source "ChessBase"]
[SourceDate "2003.04.28"]
[SourceVersion "3"]
[SourceVersionDate "2003.04.28"]
[SourceQuality "1"]

1. e4 c5 2. Nc3 e6 3. Bc4 Nc6 4. f4 Nge7 5. e5 Nf5 6. Nf3 d5 7. exd6 Bxd6 8. d3 a6 9. a4 Qc7 10. g3 0-0 11. Ne4 Be7 12. 0-0 b6 13. c3 Bb7 14. Nfg5 Na5 15. Ba2 c4 16. Re1 Rad8 17. d4 Qc6 18. Bb1 Nb3 19. Ra2 Bxg5 20. fxg5 e5 21. Qg4 exd4 22. Qxf5 d3 23. Ra3 Nxc1 24. Rxc1 Rfe8 25. Rf1 Qxe4 26. Qxe4 Rxe4 27. Ra1 Re2 0-1

[Event "AJEC-ch fin email"]
[Site "France"]
[Date "2001.??.??"]
[Round "?"]
[White "Labroche, Jerome"]
[Black "Maiffret, Patrick"]
[Result "1/2-1/2"]
[WhiteElo "1864"]
[BlackElo "2234"]
[PlyCount "63"]
[EventDate "2001.??.??"]
[EventType "tourn (corr)"]
[EventRounds "15"]
[EventCountry "FRA"]
[SourceTitle "Corr 2004"]
[Source "ChessBase"]
[SourceDate "2003.04.28"]
[SourceVersion "3"]
[SourceVersionDate "2003.04.28"]
[SourceQuality "1"]

1. e4 c5 2. Nc3 a6 3. a4 e6 4. g3 Nc6 5. Bg2 g6 6. d3 Bg7 7. Be3 Qa5 8. Nge2 Nd4 9. 0-0 Ne7 10. f4 d6 11. f5 Nxe2+ 12. Qxe2 Nc6 13. f6 Bf8 14. Rfd1 Bd7 15. Qf2 h5 16. d4 cxd4 17. Bxd4 Nxd4 18. Rxd4 h4 19. Rad1 hxg3 20. Qxg3 Qb6 21. Kh1 Qxb2 22. e5 d5 23. Nxd5 exd5 24. Bxd5 0-0-0 25. e6 Bd6 26. Qb3 Qxb3 27. exd7+ Rxd7 28. Bxb3 Rxh2+ 29. Kg1 Bc5 30. Kxh2 Bxd4 31. Kh3 Bxf6 32. Rxd7 1/2-1/2

[Event "AJEC-ch fin email"]
[Site "France"]
[Date "2001.??.??"]
[Round "?"]
[White "Labroche, Jerome"]
[Black "Thimognier, Dominique"]
[Result "1/2-1/2"]
[WhiteElo "1864"]
[BlackElo "2425"]
[PlyCount "94"]
[EventDate "2001.??.??"]
[EventType "tourn (corr)"]
[EventRounds "15"]
[EventCountry "FRA"]
[SourceTitle "Corr 2004"]
[Source "ChessBase"]
[SourceDate "2003.04.28"]
[SourceVersion "3"]
[SourceVersionDate "2003.04.28"]
[SourceQuality "1"]

1. e4 c5 2. Nc3 e6 3. Bc4 a6 4. a4 Nc6 5. f4 Nge7 6. d3 d5 7. Ba2 dxe4 8. dxe4 Qxd1+ 9. Kxd1 b6 10. Nf3 Bb7 11. Be3 Nd4 12. Bc4 Nxf3 13. gxf3 Nf5 14. Bd2 Nd4 15. Rf1 Be7 16. Ne2 0-0-0 17. c3 Nc6 18. Kc2 Na5 19. Ba2 Bc6 20. b3 Rd7 21. Rad1 Rhd8 22. Bc1 c4 23. Rxd7 cxb3+ 24. Bxb3 Bxd7 25. Nd4 Nxb3 26. Kxb3 Kb7 27. Be3 Rc8 28. Ra1 Rc5 29. Bf2 Ra5 30. Ra2 f6 31. Be1 Bd6 32. c4 Rh5 33. a5 bxa5 34. Rxa5 Rxa5 35. Bxa5 Bxf4 36. c5 e5 37. c6+ Bxc6 38. Ne6 Bb5 39. Nxg7 Bxh2 40. Nh5 Be2 41. Nxf6 Bxf3 42. Nxh7 Bxe4 43. Nf6 Bf3 44. Kc4 Kc6 45. Kd3 Bf4 46. Be1 a5 47. Bxa5 Kd6 1/2-1/2

[Event "AJEC Gr05 email"]
[Site "France"]
[Date "2000.??.??"]
[Round "?"]
[White "Giraud, Roland"]
[Black "Labroche, Jerome"]
[Result "0-1"]
[WhiteElo "1850"]
[BlackElo "1850"]
[PlyCount "56"]
[EventDate "2000.03.20"]
[EventType "tourn (corr)"]
[EventRounds "10"]
[EventCountry "FRA"]
[SourceTitle "Corr 2004"]
[Source "ChessBase"]
[SourceDate "2003.04.28"]
[SourceVersion "3"]
[SourceVersionDate "2003.04.28"]
[SourceQuality "1"]

1. e4 e5 2. Nf3 Nf6 3. Nxe5 d6 4. Nf3 Nxe4 5. d4 d5 6. Bd3 Nc6 7. 0-0 Be7 8. Re1 Bf5 9. c4 Nb4 10. cxd5 Nxf2 11. Qa4+ Bd7 12. Bb5 Nfd3 13. Re2 Nxd5 14. Qc4 Nxc1 15. Bxd7+ Qxd7 16. Qxc1 0-0 17. Nc3 Nxc3 18. bxc3 Bf6 19. Qd2 Rfe8 20. Rae1 Rad8 21. Rxe8+ Rxe8 22. Rxe8+ Qxe8 23. Qe1 Qxe1+ 24. Nxe1 Kf8 25. Nd3 Ke7 26. Kf2 Kd6 27. Nf4 c5 28. Ke3 Bg5 0-1

[Event "AJEC Gr05 email"]
[Site "France"]
[Date "2000.??.??"]
[Round "?"]
[White "Labroche, Jerome"]
[Black "Alberny, Maurice"]
[Result "1-0"]
[WhiteElo "1850"]
[BlackElo "2006"]
[PlyCount "67"]
[EventDate "2000.03.20"]
[EventType "tourn (corr)"]
[EventRounds "10"]
[EventCountry "FRA"]
[SourceTitle "Corr 2004"]
[Source "ChessBase"]
[SourceDate "2003.04.28"]
[SourceVersion "3"]
[SourceVersionDate "2003.04.28"]
[SourceQuality "1"]

1. e4 e5 2. Nc3 Nf6 3. Bc4 Bc5 4. d3 c6 5. Bg5 Qb6 6. Qd2 Bxf2+ 7. Qxf2 Qxb2 8. Kd2 Qxa1 9. Bxf6 gxf6 10. Qxf6 0-0 11. Nf3 Qxh1 12. Ng5 Qxg2+ 13. Ne2 d5 14. Qh6 Qxg5+ 15. Qxg5+ Kh8 16. Ng3 f6 17. Qh6 Nd7 18. exd5 b5 19. Bb3 c5 20. d6 c4 21. Nh5 Rg8 22. Nxf6 Rg7 23. dxc4 a6 24. Nxd7 Bxd7 25. Qf6 bxc4 26. Bxc4 Rc8 27. Bxa6 Re8 28. Bc4 Rc8 29. Bd5 e4 30. c4 e3+ 31. Kxe3 h5 32. Kd4 Rb8 33. c5 Kh7 34. c6 1-0

[Event "AJEC Gr05 email"]
[Site "France"]
[Date "2000.??.??"]
[Round "?"]
[White "Labroche, Jerome"]
[Black "Lacassagne, Jean"]
[Result "1-0"]
[WhiteElo "1850"]
[BlackElo "1762"]
[PlyCount "27"]
[EventDate "2000.03.20"]
[EventType "tourn (corr)"]
[EventRounds "10"]
[EventCountry "FRA"]
[SourceTitle "Corr 2004"]
[Source "ChessBase"]
[SourceDate "2003.04.28"]
[SourceVersion "3"]
[SourceVersionDate "2003.04.28"]
[SourceQuality "1"]

1. e4 c5 2. Nc3 e6 3. Bc4 b6 4. Nh3 Bb7 5. 0-0 Nf6 6. d3 d5 7. Bb5+ Nc6 8. exd5 exd5 9. Bg5 Be7 10. Bxf6 Bxf6 11. Re1+ Kf8 12. Qf3 Nd4 13. Qf4 Nxc2 14. Re8+ 1-0